ELEMENTOS DE DERECHO CIVIL MEXICANO (Registro nro. 2421)
[ vista simple ]
| 000 -LEADER | |
|---|---|
| fixed length control field | 00435nam a2200169 a 4500 |
| 001 - CONTROL NUMBER | |
| control field | 2421 |
| 005 - DATE AND TIME OF LATEST TRANSACTION | |
| control field | 20180713182414.0 |
| 008 - FIXED-LENGTH DATA ELEMENTS--GENERAL INFORMATION | |
| fixed length control field | 140415s1990 000 0 spa d |
| 020 ## - INTERNATIONAL STANDARD BOOK NUMBER | |
| International Standard Book Number | 9684325156 |
| 041 ## - LANGUAGE CODE | |
| Language code of text/sound track or separate title | spa |
| 082 ## - DEWEY DECIMAL CLASSIFICATION NUMBER | |
| Classification number | 346.72 |
| Item number | PIN |
| 100 1# - MAIN ENTRY--PERSONAL NAME | |
| Personal name | PINA, RAFAEL DE |
| 245 10 - TITLE STATEMENT | |
| Title | ELEMENTOS DE DERECHO CIVIL MEXICANO |
| 250 ## - EDITION STATEMENT | |
| Edition statement | 12a ed. |
| 260 ## - PUBLICATION, DISTRIBUTION, ETC. | |
| Place of publication, distribution, etc. | [s.l.] : |
| Name of publisher, distributor, etc. | PORRUA, |
| Date of publication, distribution, etc. | 1990 |
| 650 14 - SUBJECT ADDED ENTRY--TOPICAL TERM | |
| Topical term or geographic name entry element | DERECHO CIVIL |
| General subdivision | MEXICO |
| Withdrawn status | Lost status | Source of classification or shelving scheme | Damaged status | Not for loan | Collection code | Home library | Current library | Shelving location | Date acquired | Source of acquisition | Inventory number | Total Checkouts | Full call number | Barcode | Date last seen | Date last checked out | Price effective from | Koha item type |
|---|---|---|---|---|---|---|---|---|---|---|---|---|---|---|---|---|---|---|
| Dewey Decimal Classification | General | Biblioteca Karol Wojtyla | Biblioteca Karol Wojtyla | Sala general | 03/12/2013 | Compra | 151000000000000000045505 | 1 | 346.72 PIN | 34670 | 05/01/2026 | 21/09/2018 | 03/12/2013 | Libro | ||||
| Dewey Decimal Classification | General | Biblioteca Karol Wojtyla | Biblioteca Karol Wojtyla | Sala general | 03/12/2013 | Compra | 151000000000000000045504 | 346.72 PIN | 13206 | 05/01/2026 | 22/09/2016 | 03/12/2013 | Libro |